| 000 | 03319cam a22004214i 4500 | ||
|---|---|---|---|
| 001 | 18818529 | ||
| 003 | BJBSDDR | ||
| 005 | 20260508131730.0 | ||
| 007 | ta | ||
| 008 | 151015s2016 inu b 001 0 eng | ||
| 010 | _a 2015031820 | ||
| 020 |
_a9780268042400 _qpbk. : alk. paper |
||
| 020 |
_a0268042403 _qpbk. : alk. paper |
||
| 035 | _a18818529 | ||
| 040 |
_aDLC _beng _cDLC _erda _dDLC |
||
| 041 | _aeng | ||
| 042 | _apcc | ||
| 043 | _acl----- | ||
| 050 | 0 | 0 |
_aJL966 _bT772p 2016 |
| 082 | 0 | 0 |
_a320.981 _223 |
| 100 | 1 |
_aTranjan, J. Ricardo _eauthor. _948361 |
|
| 245 | 1 | 0 |
_aParticipatory democracy in Brazil : _bsocioeconomic and political origins / _cJ. Ricardo Tranjan. |
| 264 | 1 |
_aNotre Dame, Indiana : _bUniversity of Notre Dame Press, _c[2016]. |
|
| 300 |
_axii, 269 pages ; _c23 cm. |
||
| 336 |
_atext _2rdacontent |
||
| 337 |
_aunmediated _2rdamedia |
||
| 338 |
_avolume _2rdacarrier |
||
| 504 | _aIncludes bibliographical references (pages 235-256) and index. | ||
| 520 | _aThe largely successful trajectory of participatory democracy in post-1988 Brazil is well documented, but much less is known about its origins in the 1970s and early 1980s. In Participatory Democracy in Brazil: Socioeconomic and Political Origins, J. Ricardo Tranjan recounts the creation of participatory democracy in Brazil. He positions the well-known Porto Alegre participatory budgeting at the end of three interrelated and partially overlapping processes: a series of incremental steps toward broader political participation taking place throughout the twentieth century; short-lived and only partially successful attempts to promote citizen participation in municipal administration in the 1970s; and setbacks restricting direct citizen participation in the 1980s. What emerges is a clearly delineated history of how socioeconomic contexts shaped Brazil’s first participatory administrations. Tranjan first examines Brazil’s long history of institutional exclusion of certain segments of the population and controlled inclusion of others, actions that fueled nationwide movements calling for direct citizen participation in the 1960s. He then presents three case studies of municipal administrations in the late 1970s and early 1980s that foreground the impact of socioeconomic factors in the emergence, design, and outcome of participatory initiatives. The contrast of these precursory experiences with the internationally known 1990s participatory models shows how participatory ideals and practices responded to the changing institutional context of the 1980s. The final part of his analysis places developments in participatory discourses and practices in the 1980s within the context of national-level political-institutional changes; in doing so, he helps bridge the gap between the local-level participatory democracy and democratization literatures. | ||
| 650 | 0 |
_aPolitical participation _zLatin America. |
|
| 650 | 0 |
_aLocal government _zLatin America _xCitizen participation. |
|
| 650 | 0 |
_aDemocracy _zLatin America. |
|
| 650 | 0 |
_aPolitical culture _zLatin America. |
|
| 651 | 0 |
_aLatin America _xPolitics and government. |
|
| 906 |
_a7 _bcbc _corignew _d1 _eecip _f20 _gy-gencatlg |
||
| 942 |
_2lcc _cBK _n0 |
||
| 999 |
_c127033 _d127033 |
||